Official directory of the European Union 2008

Salvato in:
Dettagli Bibliografici
Ente Autore: European Commission
Natura: Libro
Lingua:inglese
Pubblicazione: Luxembourg Office for Official Publications of the European Communities 2008
Soggetti:
Tags: Aggiungi Tag
Nessun Tag, puoi essere il primo ad aggiungerne!!

MARC

LEADER 00000nam$a2200000$$$4500
001 0084039
005 20221207101226.0
020 |a 978-92-78-40520-5 
022 |a 1680-3728 
041 0 |a eng 
044 |a LU 
245 1 0 |a Official directory of the European Union 2008 
264 1 |a Luxembourg  |b Office for Official Publications of the European Communities  |c 2008 
300 |a xxxix, 465 s. 
610 2 0 |a Európska únia 
610 2 0 |a Európsky parlament 
610 2 0 |a štruktúra organizačná 
710 2 |a European Commission